000 00776nam0a22002291 4500
001 rc\42937
005 20250620155809.0
035 _a(NLR Aleph) 005324227
090 _a6521506
_c6521506
100 _a20021216d1992 |||y0rusy50 ca
101 0 _arus
102 _aRU
105 _ay |||||||||
200 1 _aСеминар "Царство Священников"
_e[Перевод]
_eМиссия "Царство Священников" - Служение обновления хвалы и поклонения в церкви
210 _aБ. м.
_cПринтер
_d[1992?]
215 _a27, [1] с.
_d21
700 1 _aГустафсон
_bГ.
_gГеррит
801 0 _aRU
_bNLR
_gpsbo
801 1 _aRU
_bELAR
_2rusmarc
852 _aNLR
_j92-4/2838
942 _cBOOK
980 _aNB